000 00774nam a2200265 i 4500
001 60069
003 ES-MaACL
005 20250827062608.0
007 t|
008 031103s1985 sp ||||1| spa d
020 _a84-309-1208-8
110 1 _aEspaña
_93622
240 1 0 _aLeyes, etc. de comercio
245 1 0 _aCódigo de comercio y legislación mercantil.
250 _a2ª ed.
_bpreparada por Ignacio Arroyo.
260 _aMadrid :
_bTecnos,
_c1985.
300 _a940 p. ;
_c17 cm.
490 1 _aBiblioteca de textos legales
500 _aIndice.
700 1 _aArroyo Martínez, Ignacio.
_923375
740 0 _aLeyes, etc. de comercio.
830 0 _aBiblioteca de textos legales
_9177271
852 _aES-MaACL
_jL-9022
_bR.110659
999 _c60069
_d60069